Normal view MARC view
  • Magallanes, Alejandro,

Entry Nombre Personal

Number of records used in: 11

001 - NUMERO DE CONTROL

  • campo de control: 34562

003 - IDENTIFICADOR DE NUMERO DE CONTROL

  • campo de control: UPN

005 - FECHA Y HORA DE LA ÜLTIMA TRANSACCIÓN

  • campo de control: 20210219194454.0

008 - DATOS DE LONGITUD FIJA

  • campo de control de longitud fija: nabaccnnaabn|||||||||| b |nc|||||d

035 ## - NUMERO DE CONTROL

  • Número de control: UPN11000006669

040 ## - FUENTE DE CATALOGACIÓN

  • Lenguaje de catalogación: SPA
  • Agencia de transcripción: UPN

053 #4 - NÚMERO DE CLASIFICACIÓN LC

  • Número de clasificación elemento-número único o número inicial de tramo: PQ7298.423 A3.2

100 1# - ENCABEZAMIENTO - NOMBRE PERSONAL

  • Nombre personal: Magallanes, Alejandro,
  • Fechas asociadas con el nombre: 1971-

670 ## - FUENTE EN LA QUE SE LOCALIZARON DATOS

  • Cita de la fuente: T
  • Uniform Resource Identifier: http://culturacolectiva.com/alejandro-magallanes-recuerdos-de-la-infancia/

680 ## - NOTA PUBLICA DE ACCESO PÚBLICO

  • Frase explicativa de la referencia: Diseñador e ilustrador mexicano cuyas reconocidas y prestigiosas contribuciones son valoradas en el mundo editorial y del cartel. Estudió Diseño Gráfico en la Escuela Nacional de Artes Plásticas de la Universidad Autónoma de México. Ha escrito, diseñado y dibujado múltiples publicaciones

902 ## - CATALOGADOR

  • Catalogador: MITM/101213